000 01608nam a22002897a 4500
001 000688
003 DO-SdBNP
005 20240723095931.0
007 000688
008 151217b 1981 mx ac 00| 0 spa d
020 _a0816399786
040 _aBPMSU
_bspa
_cBPMSU
082 4 _a305.4
_bK69j 1981
_222
100 1 _aKnight, Juan F.
_c
245 1 3 _aLa joven moderna y el sexo
_bsoluciones a problemas personales /
_cJuan F. Knight ; traducción Juan José Suárez
260 _aNuevo León, México :
_bPublicaciones Interamericanas,
_c1981.
300 _a191 p. :
_bil., retrs. ;
_c22 cm.
500 _aIncluye referencias bibliográficas y notas al pie de las paginas.
505 0 _t¡Pongámonos de acuerdo! --
_t¿Qué motiva a las adolescentes? --
_tEl cuerpo: maravilloso laboratorio químico --
_tProblemas relacionados con la menstruación --
_tY ahora... ¡los varones! --
_tEspejismos y realidades --
_t¿De dónde vienen los hijos? --
_tLos pasos del amor --
_tEl noviazgo serio --
_tPiel y uñas hermosas --
_tEl cuidado del cabello --
_tLa belleza del busto --
_tUna silueta esbelta y elegante --
_tCómo hacerse querer por la gente --
_tUn capítulo vital --
_tLas drogas y las adolescentes --
_tEl sexo artificial --
_tEnfermedades que contraerá si juega con fuego --
_tConsejos finales --
590 _aInventariado, 2024/VM
650 4 _aConducta sexual de las mujeres jóvenes
650 4 _aJuventud
_xConducta moral
650 4 _a Mujeres jóvenes
_xCuidado e higiene
700 1 _aSuárez, Juan José
_etraductor
910 _aVMateo V. Control de calidad. BPMSU
942 _2ddc
_cBK
999 _c11449
_d11449